Quizzes
Events
Quiz Creation
Community
Videos
Private Events
Remove Ads
Sign In
Join for FREE
Feedback
Dark Mode
Quiz Categories
Sports
Geography
Music
Movies
Television
Just For Fun
Miscellaneous
History
Literature
Language
Science
Gaming
Entertainment
Religion
Holiday
For Kids
Quiz Lab
Recent
Popular Today
Quiz Kudos Today
Editor Picks
Curator Picks
Quizzes by...
Day
Popularity
Type
Ratings
Length
Year
Community
Subscriptions
Recent Discussions
Orange Saloon
Badges
Playlists
Quests
Create
Leaderboards
Showdown
Live 5
Trivia Bingo
Activity
Puzzle Library
Sporcle Events
Private Events
Virtual Trivia
Globe League
Become a Host
Pub Owners
SporcleCon
Opinionation
Our Games
Videos
Blog
Mobile Apps
Partnerships
Remove Ads and Go Orange
Feedback
Science
Computer
Plants
Astronomy
Chemistry
Elements
Math
Animal
Physics
Anatomy
Biology
Geology
General Science
Science
Computer
Plants
Astronomy
Chemistry
Elements
Math
Animal
Physics
Anatomy
Biology
Geology
General Science
Random Quiz
Search Sporcle
×
Quiz Lab
Quiz Lab
Science
California
Type in answers that appear in a list
Type in answers that appear in a list
Classic
Best Score? Go Orange.
Osteopathic History California Part 2 Stats
Can you name the Osteopathic History Part 2 ?
By
babydoctor
15m
12 Questions
22 Plays
22 Plays
22 Plays
Comments
Comments
Give Quiz Kudos
Give Quiz Kudos
-
- Ratings
hide this ad
Forced Order
Answers have to be entered in order
Answers have to be entered in order
Random Order
Randomize order of answers
Randomize order of answers
Replay
Link that replays current quiz
Next Quiz
Link to next quiz in quiz playlist
You Got
0%
They Got
Avg Score
83%
Avg Friend Score
Upgrade to see
Score Distribution
Jump to the score distribution portion of the page
Score
0/12
Timer
15:00
0
Plays Today
x
x
% Correct
What year was TUCOM founded in SF?
1997
95.5%
He was the president of AMA in 1952 and Grunigen’s counterpart on the MD side interested in merging DO and MD
John Cline
90.9%
He was DO that became a state senator in 1950s-
1972.
Stephen Teale
90.9%
What year did the merger (proposition 22) occur between MDs and DOs in the California?
1962
90.9%
What year was proposition 22 reversed?
1974
90.9%
She was a faculty member at COP& S in 1920s-
1960s. She became the first woman dean of any medical school in the USA. COP&S Dean 1956-
1962.
Grace Bell
86.4%
She was the OPSC legislative chairperson.
Edna Lay
86.4%
Name of the law suit filed by the OPSC against the CMA and Attorney General of the State of CA in 1968. The emphasis was on civil rights infringement.
D'amico et al
81.8%
Member of the AOA Board of Trustees in the 1940s and 50s. Chair of the COA’s “Fact Finding Committee” from the 1940s until 1962.
Forest Grunigen
77.3%
He was the president of COA in 1940-
1941 and pro merger in 1941-
1960s
Forest Grunigen
72.7%
He was the PMR Chair in UCI CCM in 1970-
1982.
Jerome Tobis
72.7%
He was the OPSC Executive Director in 1978-
1997.
Matt Weyuker
68.2%
Quiz Playlist
Details
Report
Send in Message
Add To Playlist
Classic:
Type in answers that appear in a list
Forced Order:
Answers have to be entered in order
Random Order:
Randomize order of answers
Last Updated: Feb 16, 2017
Quiz Scoreboard
CHALLENGE
Sign Up to Join the Scoreboard
Show All
Scores
Hide
Comments
May contain spoilers
Recently Published
Alphabetical 'K' Countries by Flag Minefield
by ylime102
Geography
3m
Pick 6: Fruits
by JohnFran
Miscellaneous
15s
Click the 1999 NBA Draft
by nibperrychub
Sports
2m
More to Explore
Quiz From the Vault
Featured Blog Post
15 Basketball Trivia Facts You Can Be March Mad About
hide this ad
You Might Also Like...
Tags
California
Today's Top Quizzes in Science
Browse Science
hide this ad
Today's Top Quizzes in California
Browse California
Top Contributed Quizzes in Science
1
Trivia Jigsaw: Scientific Foursomes
2
The First 100 Digits of Pi
3
Trivia Jigsaw: Elements
4
Journey Through Space
5
'P' Natural World
6
Dashed Science
7
200 Digits of pi
8
'W' Natural World
9
'V' Natural World
10
A Equals A
Explore More
Trending Topics
Disney
Marvel
NBA
Crossword
Harry Potter
Kpop
Anime
The Office
Pokémon
Country
Puzzle
Song
NFL
Soccer
WWE
hide this ad
More By:
babydoctor
Quiz
Plays
Rating
Category
Featured
Created
Lower Limb Muscle Innervations
3,743
Science
Sep 17, 2011
Sensorineural Hearing Loss
1,850
Science
Nov 24, 2011
Congenital Heart Disease
696
5.00
Science
Mar 20, 2011
Lower Limb Anatomy
521
Science
Sep 16, 2011
Childhood Exanthems
443
Science
Apr 13, 2012
Go to Creator's Profile
Score Distribution
Quiz Creator Spotlight
babydoctor
Follow
Send a Message
Quizzes Created
-
Created Quiz Play Count
-
More By This Creator
Popular Quizzes Today
1
Pick 6: Fruits
2
Find the US States - No Outlines Minefield
3
Countries of Asia Without Outlines Minefield
4
Alphabetical 'K' Countries by Flag Minefield
5
The Countries of the World
6
Click the 1999 NBA Draft
7
Match the Book to the Film X
8
Find the US States
More Science Quizzes
Tournament of Birds
Published
Trending Quizzes
Donkey Kong Minefield
Multiplication Danger Zone
DC Extended Universe: Oldest to Newest
The 3rd Thing You Need to Know: Actresses
Minefield Map: North American Capitals
Recently Updated
Women's Final Four Teams by Year
bhenderson79
Presidents Quartet II
eogle
Anything But Clue(do)
eogle
Anything But Oceanian Capitals
eogle
Anything But 7
eogle
Anything But Thing
eogle
Word Ladder: February 29
pecheneg
Song Title Questions
pecheneg
Women's NCAA Tournament #1 Seeds
pecheneg
Celebrity Mug Shots
pecheneg
Trending Topics
Kpop
Anime
NBA
Harry Potter
Marvel
Crossword
Disney
Soccer
Song
Pokémon
Puzzle
The Office
WWE
NFL
Country
Your Account Isn't Verified!
In order to create a playlist on Sporcle, you need to verify the email address you used during registration. Go to your
Sporcle Settings
to finish the process.
Report this User
Report this user for behavior that violates our
Community Guidelines
.
Details:
Send Report
Go to the Sporcle.com Mobile Site →
Comments